c'est bizarre les mots français F (c'est random) - Statistieken

Algemene statistieken
  • Deze quiz is 22 keer genomen
  • De gemiddelde score is 8 van 20
Antwoordstatistieken
Hint Antwoord % Correct
slapen dormir
60%
de kamer la chambre
60%
de keuken la cuisine
60%
werken travailler
60%
het huis la maison
53%
de tafel la table
53%
want car
47%
de stoel la chaise
47%
het bed le lit
47%
leven vivre
47%
ik sta op je me lève
40%
het raam la fenêtre
40%
de kast l'armoire
33%
gamen jouer à la console
27%
het landschap le paysage
27%
de badkamer le salle de bains
27%
vroeg tôt
27%
de woonkamer le salon
20%
de vrije tijd les loisirs
20%
ik leef, woon je vis
13%
Geen overeenkomende quizzen gevonden
Scoreverdeling
Procent van Mensen met Elke Score
Percentiel versus Aantal Correcte Antwoorden
Uw Scoregeschiedenis
U heeft deze quiz nog niet genomen